000
00247nam a22001217a 4500
003
SGT
082
_a
823.92
_b
BAR
100
_a
BARDUGO LEIGH
245
_a
RAIN AND RISING
260
_a
UK
_b
HODDER PUB
_c
2014
300
_a
370
942
_2
ddc
_c
BK
999
_c
33746
_d
33746